000 01804nam a2200277Ia 4500
999 _c51144
_d51144
001 18102
003 GE_BSU
005 20230501154905.0
008 181216s||||||||xx |||||||||||||| ||und||
020 _a99940-31-12-0
040 _cGE_BSU
041 _ageo
080 _a930.2:003.071(=14'01) ყ-36
100 _aყაუხჩიშვილი, თინათინ
_917888
245 _aსაქართველოს ბერძნული წარწერების კორპუსი = Korpus der griechischen Inschriften in Georgien /
_cთინათინ ყაუხჩიშვილი რედ. ლ. გორდეზიანი
250 _aმე-2 შესწ. და შევს. გამოც. პროგრამა "ლოგოსი". პუბლ. და ღონისძ. კლასიკ. ფილოლ., ბიზანტ. და ნეოგრეც. სფეროში
264 _aთბილისი :
_bლოგოსი,
_c2004.
300 _a419 გვ :.
_b 26 სმ..
501 _aბერძნ. სიტყვათა საძიებელი: გვ. 380-416
520 _aრეზ. გერმ. ენ..
653 _aბერძნული წარწერები საქართველოში; ბერძნული ეპიგრაფიკული ძეგლები საქართველოში
653 _aსაქართველოს ბერძნული წარწერების კორპუსი
700 _aგორდეზიანი, ლ
_eრედაქტორი
_917889
710 _a თსუ, კლასიკ. ფილოლ., ბიზანტ. და ნეოგრეც. ინ-ტი
_917890
942 _cBK
_2udc